Vamos lá começar! (Registo nº 1388)

Detalhes MARC
000 -Etiqueta do registo
Cabeçalho 01069nam a2200325 4500
005 - Identificador da versão
Campo de controlo 20240813121834.0
010 ## - Número internacional normalizado dos livros (ISBN)
Número (ISBN) 972757033X
Número (ISBN) 978-972-757-033-1
021 ## - Número do Depósito Legal
Código do país PT
Número 239919/06
035 ## - Other System Control Numbers
System Control Number (bn)1719445
System Control Number 2212373
100 ## - Dados gerais de processamento
Dados gerais de processamento 20090721d2006 e y0pory5003 ba
102 ## - Pais de publicação ou produção
País de publicação Portugal
101 0# - Língua de publicação
Língua do texto, banda sonora, etc. Português
106 ## - Campo de dados codificados: material textual
Dados codificados do material textual r
105 ## - Campo de dados codificados: livros
Dados codificados dos livros a j 001yy
215 ## - Descrição física 
Indicação específica da natureza do documento e extensão da espécie 222 p.
Outras indicações físicas il.
Dimensões 27 cm
200 1# - Titulo e menção de responsabilidade
Título próprio Vamos lá começar!
Informação de outro título explicações e exercícios de gramática e de vocabulário
-- níveis intermédio e avançado
-- utilização na aula e em auto-aprendizagem
Primeira menção de responsabilidade Leonel Melo Rosa
Outras menções de responsabilidade pref. José Manuel da Costa Esteves
205 ## - Menção da edição
Menção da edição Ed. rev
210 ## - Publicação, Distribuição, etc. 
Lugar da edição, distribuição, etc. Lisboa
Nome do editor, distribuidor, etc. Lidel
Data da publicação, distribuição, etc. D.L. 2006
606 ## - Nome comum usado como assunto
Número de registo de entrada de autoridade 0001949
Palavra de ordem Língua portuguesa
Subdivisão de assunto Gramática
Form Subdivision [Manuais de ensino]
Código do sistema SIPOR
675 ## - Classificação Decimal Universal (CDU)
Notação 811.134.3'24(075)
Edição BN
Língua da edição por
Notação 811.134.3'36(075)
Edição BN
Língua da edição por
702 #1 - Nome de autor-pessoa física (responsabilidade secundária)
Número de registo de entrada de autoridade 0001952
Palavra de ordem Esteves
Outra parte do nome não tomada para palavra de ordem José Manuel
Datas 1957-
Código de função Autor da introdução / Prefaciador
700 #1 - Nome de autor-pessoa física (responsabilidade principal)
Número de registo de entrada de autoridade 0001951
Palavra de ordem Rosa
Outra parte do nome não tomada para palavra de ordem Leonel Melo
942 ## - Elementos de entrada adicionados (Koha)
Tipo de item no Koha Livro
Exemplares
Situação do levantamento Origin of item (home branch) (coded) Biblioteca de empréstimo Código de barras Cota Circulation type (not for loan) Tipo de documento Nota do exemplar Damaged status
  Biblioteca Escolar Eng. Nuno Mergulhão Biblioteca Escolar Eng. Nuno Mergulhão BENM904 | 2033 8POR ROS   Livro Sem mensagem